| 000 | 00790nam a2200205 a 4500 | ||
|---|---|---|---|
| 001 | 1171347 | ||
| 003 | AM-YeHGA | ||
| 005 | 20251015155613.0 | ||
| 008 | 170629s1921 ru |||||||||||000|0|rus|d | ||
| 040 | _aAM-YeHGA | ||
| 041 | 0 | _arus | |
| 100 | 1 |
_aДитякин, Валентин Тихонович, _d1896-1956 |
|
| 245 | 1 | 0 |
_aМировая торговля в эпоху великого экономического кризиса, 1917-1921 г.г. : _b(Эскиз) / _cВ.Дитякин. |
| 260 |
_aКазань : _bГос. изд. [и] Изд. отд. ПУПВО, _c1921. |
||
| 300 |
_a104 с. : _c27 см. |
||
| 500 | _aБиблиогр. в тексте | ||
| 650 | 1 | 4 | _aМировая торговля |
| 650 | 1 | 4 | _aЭкономический кризис |
| 942 |
_2udc _cBK |
||
| 999 |
_c535533 _d535533 |
||